000 00626nam a2200241Ia 4500
005 20260320201204.0
008 008 262003s9999 xx 000 0 eng d
037 _aEBOOK
040 _aCRL
040 _beng
040 _cCRL
041 _2eng
041 _aeng
084 _qCRL
100 _aSoon
_9930970
245 0 _aDigital Mavericks: A Guide to Web3, NFTS, and Becoming the Main Character of the Next Internet Revolution
260 _bIEEE
260 _c2025
856 _uhttps://ieeexplore.ieee.org/servlet/opac?bknumber=10950347
942 _cEBOOK
999 _c1719524
_d1719524